000 00676nam a2200253Ia 4500
003 OSt
005 20221006144046.0
006 a|||||r|||| 00| 0
007 ta
008 221006b |||||||| |||| 00| 0 eng d
020 _c
_5.95
024 _a10,757
037 _cTextual
040 _aEASL
_cEASL
_beng
041 _2eng
_aeng
082 _aW691-81.1.N5, L6
100 _aHAMMOND Thomas T Ed.
_9478098
245 0 _aAnatomy of communist takeovers
260 _aNew Havan
_b Yale University Press
_c1976
300 _a644p.
_ccm.
490 _v Oth
942 _hW691-81.1.N5, L6
_cTEXL
_2CC
999 _c1078843
_d1078843